[Event "XXI Festival A"]
[Site "Lucca ITA"]
[Date "2009.10.04"]
[Round "2"]
[White "Inserra, Elisa"]
[Black "Vuelban, Virgilio"]
[Result "0-1"]
[WhiteElo "1572"]
[BlackElo "2405"]
[PlyCount "100"]
[EventDate "2009.10.03"]

1. d4 Nf6 2. Bf4 g6 3. Nf3 Bg7 4. e3 d6 5. Be2 O-O 6. O-O c5 7. c3 Qb6 8. Qb3
Be6 9. Qxb6 axb6 10. a3 Nc6 11. h3 Na5 12. Nbd2 h6 13. Rfe1 Rfe8 14. Bd3 Bd7
15. Bh2 Ba4 16. Rac1 Nd7 17. d5 c4 18. Bc2 Bxc2 19. Rxc2 Nc5 20. e4 Nd3 21. Re3
b5 22. Ne1 Nc5 23. f4 Red8 24. Nef3 Rac8 25. Re2 Nd3 26. Ne1 e6 27. Re3 Nxe1
28. Rxe1 exd5 29. exd5 Rc5 30. Nf3 Rxd5 31. Rce2 Bf6 32. Bg3 Nc6 33. Bh4 Bxh4
34. Nxh4 Kg7 35. Nf3 Rf5 36. g3 g5 37. Nd4 Nxd4 38. cxd4 gxf4 39. g4 f3 40. Rf2
Rf4 41. d5 Rd7 42. Rd1 f5 43. gxf5 Rxf5 44. Rd4 Kf6 45. Kh2 Re7 46. Kg3 Rg7+
47. Rg4 Rxg4+ 48. hxg4 Rxd5 49. Rxf3+ Kg5 50. b3 Rd3 0-1

[Event "XXI Festival A"]
[Site "Lucca ITA"]
[Date "2009.10.04"]
[Round "2"]
[White "Tocchioni, Doriano"]
[Black "Zucconi, Leandro"]
[Result "1-0"]
[WhiteElo "2281"]
[BlackElo "2111"]
[PlyCount "75"]
[EventDate "2009.10.03"]

1. d4 d5 2. Nf3 Nf6 3. g3 e6 4. Bg2 Be7 5. O-O O-O 6. c4 c6 7. Nbd2 Nbd7 8. b3
b6 9. Bb2 Bb7 10. Ne5 Rc8 11. a3 Qc7 12. Rc1 Qb8 13. e3 Rfd8 14. f4 c5 15. Qe2
Qa8 16. h3 dxc4 17. bxc4 Bxg2 18. Qxg2 Qxg2+ 19. Kxg2 cxd4 20. exd4 Nc5 21. Rf3
Na4 22. Ba1 b5 23. Rb3 bxc4 24. Rxc4 Rxc4 25. Ndxc4 Rc8 26. Rb7 Nd5 27. Rxa7 f6
28. Rxa4 fxe5 29. Nxe5 Rc2+ 30. Kf3 h6 31. Nc4 Rc1 32. Bb2 Rd1 33. Ra8+ Bf8 34.
Ra6 Rd3+ 35. Kf2 g5 36. fxg5 hxg5 37. Rxe6 Be7 38. Re5 1-0

[Event "XXI Festival A"]
[Site "Lucca ITA"]
[Date "2009.10.04"]
[Round "3"]
[White "Innocenti, Luca"]
[Black "Frugoli, Francesco"]
[Result "0-1"]
[WhiteElo "2038"]
[BlackElo "2159"]
[PlyCount "44"]
[EventDate "2009.10.03"]

1. Nf3 d6 2. c4 e5 3. Nc3 f5 4. d4 e4 5. Ng5 Be7 6. h4 Nf6 7. e3 O-O 8. Nh3 Nc6
9. Nf4 Qe8 10. Ncd5 Bd8 11. b4 Ne7 12. Nxf6+ Rxf6 13. Bb2 Ng6 14. Nd5 Rf8 15.
g3 c6 16. Nc3 a5 17. b5 f4 18. exf4 e3 19. f3 Nxf4 20. Ne2 Nh5 21. g4 Rxf3 22.
gxh5 Rxf1+ 0-1

[Event "XXI Festival A"]
[Site "Lucca ITA"]
[Date "2009.10.04"]
[Round "3"]
[White "Lasio, Millo"]
[Black "Collutiis, Duilio"]
[Result "0-1"]
[WhiteElo "2098"]
[BlackElo "2450"]
[PlyCount "100"]
[EventDate "2009.10.03"]

1. d4 Nf6 2. Nd2 e5 3. dxe5 Ng4 4. Ngf3 Nc6 5. h3 Ngxe5 6. Nxe5 Nxe5 7. e3 Bc5
8. Qh5 d6 9. Nb3 Bb6 10. Bd2 O-O 11. Bc3 Qe7 12. Bd3 Nxd3+ 13. cxd3 Bd7 14. Nd4
f5 15. Qe2 Rae8 16. O-O-O Qf7 17. Kb1 Qd5 18. Nc2 a5 19. Qf3 Qxf3 20. gxf3 Bc6
21. Rhg1 Rf7 22. f4 Bd7 23. Rg3 c5 24. Rdg1 Ree7 25. d4 Bc7 26. Ne1 b5 27. b3
Bc6 28. dxc5 dxc5 29. Nf3 Bxf3 30. Rxf3 Rd7 31. Rfg3 Bd8 32. Kc2 g6 33. Rd1
Rxd1 34. Kxd1 Bh4 35. Rg2 Rd7+ 36. Kc2 Kf7 37. f3 Ke6 38. Re2 Be7 39. Be1 b4
40. h4 a4 41. Rg2 Ra7 42. Kd3 axb3 43. axb3 Ra1 44. Bd2 Ra2 45. e4 Bxh4 46. Re2
Bf6 47. e5 Bh4 48. Kc4 Bg3 49. Kxc5 Bxf4 50. Kxb4 Rxd2 0-1

[Event "XXI Festival A"]
[Site "Lucca ITA"]
[Date "2009.10.04"]
[Round "3"]
[White "Mola, Pietro"]
[Black "Giuntoli, Andrea"]
[Result "1-0"]
[WhiteElo "2258"]
[BlackElo "2000"]
[PlyCount "119"]
[EventDate "2009.10.03"]

1. Nf3 Nf6 2. c4 g6 3. g3 Bg7 4. Bg2 d6 5. d4 O-O 6. O-O Nbd7 7. Nc3 c6 8. e4
e5 9. h3 Qc7 10. Re1 Re8 11. Rb1 Nf8 12. d5 Re7 13. b4 Bd7 14. Qb3 Rc8 15. Bd2
Be8 16. Rbc1 N6d7 17. Be3 a6 18. Red1 c5 19. Na4 b6 20. a3 f5 21. bxc5 bxc5 22.
Rb1 Rb8 23. Qc2 fxe4 24. Nd2 Nf6 25. Nc3 N8d7 26. Ndxe4 Nxe4 27. Nxe4 Rxb1 28.
Rxb1 Nf6 29. Qb3 Nxe4 30. Bxe4 Bf8 31. Bg5 Rd7 32. Bf3 h6 33. Be3 g5 34. Bg4
Re7 35. Qb6 Qxb6 36. Rxb6 Ra7 37. Be6+ Kg7 38. f4 exf4 39. gxf4 Be7 40. Kf2 Kf6
41. Bd2 gxf4 42. Bxf4 Bg6 43. Ke3 Be8 44. Bxh6 a5 45. Bf4 Bd7 46. Bxd7 Rxd7 47.
Ra6 Rb7 48. Bxd6 Bxd6 49. Rxd6+ Ke5 50. Re6+ Kf5 51. Kf2 Rb3 52. Re3 a4 53. Kf3
Rb1 54. Rd3 Rb7 55. d6 Rd7 56. h4 Ke5 57. h5 Kf5 58. Rd5+ Kf6 59. Ke4 Kg7 60.
Kf5 1-0

[Event "XXI Festival A"]
[Site "Lucca ITA"]
[Date "2009.10.04"]
[Round "3"]
[White "Salvador, Roland"]
[Black "Tocchioni, Doriano"]
[Result "1-0"]
[WhiteElo "2461"]
[BlackElo "2281"]
[PlyCount "59"]
[EventDate "2009.10.03"]

1. d4 Nf6 2. Nf3 g6 3. g3 Bg7 4. Bg2 O-O 5. O-O Na6 6. Re1 d5 7. Bf4 c5 8. Be5
Qb6 9. Nc3 Rd8 10. Na4 Qc6 11. c3 c4 12. b3 b5 13. Nb2 Bb7 14. a4 Bh6 15. axb5
Qxb5 16. b4 Ne4 17. Ra5 Qd7 18. Na4 Nc7 19. Bxc7 Qxc7 20. Qa1 Bc6 21. Ne5 Bxa4
22. Bxe4 dxe4 23. Qxa4 Bd2 24. Rc5 Qb7 25. Rd1 Bxc3 26. Nc6 Rd6 27. Rxc4 Rxc6
28. Rxc6 Qxb4 29. Qc2 Bb2 30. Rb1 1-0

[Event "XXI Festival A"]
[Site "Lucca ITA"]
[Date "2009.10.04"]
[Round "3"]
[White "Vuelban, Virgilio"]
[Black "Nannelli, Paolo"]
[Result "1-0"]
[WhiteElo "2405"]
[BlackElo "2197"]
[PlyCount "74"]
[EventDate "2009.10.03"]

1. e4 d6 2. d4 Nf6 3. Nc3 e5 4. Nf3 Nbd7 5. Bc4 Be7 6. O-O O-O 7. Re1 c6 8. a4
Rb8 9. b3 b6 10. Bb2 a6 11. Bf1 Qc7 12. g3 Re8 13. Bg2 Bf8 14. Qd2 b5 15. Rad1
b4 16. Nb1 c5 17. dxe5 dxe5 18. Bf1 h6 19. Qd3 Bb7 20. Nbd2 Rbd8 21. Qe3 c4 22.
Bxc4 Bc5 23. Qe2 Ng4 24. Rf1 Ndf6 25. Bd3 Qb6 26. h3 Nxf2 27. Rxf2 Bxf2+ 28.
Qxf2 Qxf2+ 29. Kxf2 Nxe4+ 30. Nxe4 Bxe4 31. Nxe5 Bxd3 32. Rxd3 Rc8 33. Nc4 Rc5
34. g4 a5 35. Bd4 Rd5 36. Be3 Red8 37. Rxd5 Rxd5 1-0

[Event "XXI Festival A"]
[Site "Lucca ITA"]
[Date "2009.10.10"]
[Round "4"]
[White "Collutiis, Duilio"]
[Black "Mola, Pietro"]
[Result "1-0"]
[WhiteElo "2450"]
[BlackElo "2258"]
[PlyCount "107"]
[EventDate "2009.10.03"]

1. Nf3 c5 2. e4 d6 3. Bb5+ Bd7 4. Bxd7+ Qxd7 5. O-O Nc6 6. c3 Nf6 7. d4 Nxe4 8.
d5 Ne5 9. Re1 Nf6 10. Nxe5 dxe5 11. c4 e6 12. Bg5 Be7 13. Rxe5 O-O 14. Nc3 Bd8
15. dxe6 fxe6 16. Qe2 Bc7 17. Rxe6 Rae8 18. Re1 Rxe6 19. Qxe6+ Qxe6 20. Rxe6
Re8 21. Rxe8+ Nxe8 22. b3 Kf7 23. Be3 b6 24. h3 Ke6 25. Kf1 Be5 26. Nd5 Nd6 27.
Ke2 Nf5 28. g4 Nxe3 29. Nxe3 Bb2 30. f4 g6 31. Kf3 Bd4 32. Ke4 Kd6 33. Nd5 Bb2
34. a4 Bg7 35. f5 Bb2 36. h4 Bc1 37. Nf6 gxf5+ 38. Kxf5 h6 39. Ne4+ Ke7 40. Ke5
Be3 41. Kd5 Kd7 42. Nd6 Bf4 43. Nf5 Bc1 44. Ke5 Bb2+ 45. Kd5 Bc1 46. Nd6 Bd2
47. Nb5 a5 48. Nd6 Bc1 49. Ne4 Bb2 50. g5 hxg5 51. hxg5 Bc1 52. g6 Bb2 53. Nd6
Ke7 54. g7 1-0

[Event "XXI Festival A"]
[Site "Lucca ITA"]
[Date "2009.10.10"]
[Round "4"]
[White "Frugoli, Francesco"]
[Black "Madiai, Federico"]
[Result "1/2-1/2"]
[WhiteElo "2159"]
[BlackElo "2109"]
[PlyCount "78"]
[EventDate "2009.10.03"]

1. e4 e5 2. Nf3 Nc6 3. d4 exd4 4. Bc4 Nf6 5. O-O Nxe4 6. Re1 d5 7. Bxd5 Qxd5 8.
Nc3 Qf5 9. Nxe4 Be6 10. Bg5 h6 11. Qd3 Qd5 12. c4 Qd7 13. Bf6 Rg8 14. Rad1 Be7
15. Bxe7 Qxe7 16. Nxd4 Rd8 17. Qe3 Rxd4 18. Rxd4 Nxd4 19. Qxd4 b6 20. c5 f6 21.
Qa4+ Kf7 22. Nc3 Rd8 23. cxb6 axb6 24. Qe4 Qd7 25. h3 Re8 26. Rd1 Qc8 27. Qc6
Re7 28. a4 Qe8 29. Qxe8+ Kxe8 30. b4 c5 31. bxc5 bxc5 32. Rd6 Bd7 33. a5 Re1+
34. Kh2 Ra1 35. Ra6 c4 36. Nd5 Kf7 37. Ra7 Ke6 38. Nb6 Bb5 39. Rc7 c3 1/2-1/2

[Event "XXI Festival A"]
[Site "Lucca ITA"]
[Date "2009.10.10"]
[Round "4"]
[White "Nannelli, Paolo"]
[Black "Malescusi, Luciano"]
[Result "1-0"]
[WhiteElo "2197"]
[BlackElo "1922"]
[PlyCount "67"]
[EventDate "2009.10.03"]

1. d4 g6 2. Bf4 Bg7 3. e3 Nf6 4. Nf3 c5 5. c3 cxd4 6. exd4 O-O 7. Be2 b6 8. O-O
Bb7 9. h3 d6 10. Nbd2 Nbd7 11. a4 a6 12. Re1 Re8 13. Bf1 Nd5 14. Bh2 N7f6 15.
Qb3 Rb8 16. Rad1 Bc8 17. Ng5 h6 18. Nge4 Nxe4 19. Nxe4 Nf6 20. Bc4 Rf8 21.
Nxf6+ Bxf6 22. Qc2 Kg7 23. Qe2 Ra8 24. Bf4 e6 25. Qe3 Bg5 26. Bxg5 Qxg5 27. f4
Qd8 28. d5 exd5 29. Bxd5 Ra7 30. a5 Rc7 31. axb6 Rc5 32. b7 Bd7 33. b4 Rb5 34.
c4 1-0

[Event "XXI Festival A"]
[Site "Lucca ITA"]
[Date "2009.10.10"]
[Round "4"]
[White "Tocchioni, Doriano"]
[Black "Corso, Roberto"]
[Result "1-0"]
[WhiteElo "2281"]
[BlackElo "2081"]
[PlyCount "101"]
[EventDate "2009.10.03"]

1. Nf3 Nf6 2. g3 e6 3. Bg2 Be7 4. O-O O-O 5. c4 d5 6. b3 c5 7. Bb2 Nc6 8. Nc3
d4 9. Na4 h6 10. Ba3 Nd7 11. Ne1 Nb4 12. Bxb4 cxb4 13. Nd3 Qa5 14. Qc2 Ne5 15.
Nxe5 Qxe5 16. f4 Qc7 17. Qe4 Rb8 18. Rac1 Bd7 19. Nb2 Qa5 20. Qb1 Rfc8 21. Nd3
Rc7 22. Ne5 Be8 23. Be4 Rbc8 24. Kh1 b5 25. Bh7+ Kh8 26. Bd3 bxc4 27. Rxc4 Rxc4
28. Bxc4 Bd6 29. Nf3 Bc6 30. Qd3 Bxf3+ 31. Rxf3 Qxa2 32. Qxd4 Bc5 33. Qd7 Qa1+
34. Kg2 Qg1+ 35. Kh3 Rf8 36. e3 Qa1 37. d4 Qd1 38. Kg2 Bb6 39. Qe7 Rc8 40. Qxb4
Qc2+ 41. Kg1 Qc1+ 42. Bf1 Rc3 43. Kf2 Qb2+ 44. Be2 Rc2 45. Qb5 Qa2 46. f5 Ba5
47. fxe6 Qa1 48. Kg2 Qe1 49. Rf2 Rc1 50. Qe8+ Kh7 51. Bd3+ 1-0

[Event "XXI Festival A"]
[Site "Lucca ITA"]
[Date "2009.10.11"]
[Round "5"]
[White "Madiai, Federico"]
[Black "Vuelban, Virgilio"]
[Result "0-1"]
[WhiteElo "2109"]
[BlackElo "2405"]
[PlyCount "75"]
[EventDate "2009.10.03"]

1. d4 Nf6 2. Nf3 g6 3. g3 Bg7 4. Bg2 d6 5. O-O O-O 6. c4 c6 7. Nc3 Qa5 8. e4
Be6 9. Qe2 Qb4 10. d5 Bg4 11. Bd2 Nbd7 12. Nd1 Qb6 13. h3 Bxf3 14. Bxf3 Qa6 15.
Bg2 Rac8 16. dxc6 bxc6 17. Re1 Nc5 18. Nc3 Rb8 19. Rab1 Nfd7 20. b4 Ne6 21. b5
Qc8 22. bxc6 Nd4 23. Qf1 Nxc6 24. Nd5 Qa6 25. Bg5 e6 26. Rxb8 Rxb8 27. Nc7 Qa5
28. Nb5 a6 29. e5 axb5 30. Bxc6 Nxe5 31. cxb5 Nxc6 32. bxc6 Qxg5 33. Qa6 Bd4
34. c7 Qxg3+ 35. Kh1 Qf3+ 36. Kg1 Qxf2+ 37. Kh1 Qxe1+ 38. Kg2 0-1

[Event "XXI Festival A"]
[Site "Lucca ITA"]
[Date "2009.10.11"]
[Round "5"]
[White "Mola, Pietro"]
[Black "Baldi, Daniele"]
[Result "1-0"]
[WhiteElo "2258"]
[BlackElo "1986"]
[PlyCount "41"]
[EventDate "2009.10.03"]

1. Nf3 Nf6 2. c4 g6 3. g3 Bg7 4. Bg2 O-O 5. O-O d6 6. d4 c5 7. Nc3 cxd4 8. Nxd4
Nbd7 9. b3 Nc5 10. Bb2 a6 11. Rc1 Rb8 12. Qd2 Bg4 13. h3 Bd7 14. Rfd1 b5 15. b4
Ne6 16. Nd5 bxc4 17. Rxc4 Nxd5 18. Bxd5 Nxd4 19. Bxd4 Bxd4 20. Rxd4 Bxh3 21.
Rh4 1-0

[Event "XXI Festival A"]
[Site "Lucca ITA"]
[Date "2009.10.11"]
[Round "5"]
[White "Nannelli, Paolo"]
[Black "Tocchioni, Doriano"]
[Result "1/2-1/2"]
[WhiteElo "2197"]
[BlackElo "2281"]
[PlyCount "40"]
[EventDate "2009.10.03"]

1. d4 Nf6 2. c4 e6 3. Nf3 b6 4. Nc3 Bb4 5. Bg5 h6 6. Bh4 Bb7 7. Nd2 Nc6 8. e3
Ne7 9. f3 Ng6 10. Bf2 e5 11. d5 Bxc3 12. bxc3 c6 13. e4 O-O 14. g3 Nh7 15. Bd3
d6 16. Nf1 cxd5 17. cxd5 f5 18. exf5 Ne7 19. Ne3 Kh8 20. Be4 Nf6 1/2-1/2

[Event "XXI Festival A"]
[Site "Lucca ITA"]
[Date "2009.10.11"]
[Round "5"]
[White "Salvador, Roland"]
[Black "Collutiis, Duilio"]
[Result "1/2-1/2"]
[WhiteElo "2461"]
[BlackElo "2450"]
[PlyCount "162"]
[EventDate "2009.10.03"]

1. d4 Nf6 2. Nf3 e6 3. c4 Bb4+ 4. Nc3 b6 5. Bg5 h6 6. Bh4 Bb7 7. e3 Bxc3+ 8.
bxc3 d6 9. Nd2 e5 10. f3 Qe7 11. Bf2 Nbd7 12. Qa4 g5 13. O-O-O a5 14. h4 O-O-O
15. e4 g4 16. Kc2 Rdg8 17. Rb1 c5 18. d5 Kc7 19. h5 Nh7 20. Bh4 f6 21. fxg4 Ra8
22. Be2 Ra6 23. Nf1 Nb8 24. Ne3 Bc8 25. Kd3 Rg8 26. Rhf1 Bd7 27. Nf5 Bxf5 28.
Rxf5 Rf8 29. Rbf1 Ra8 30. Bd1 Qg7 31. Qb5 Ra6 32. Qb2 a4 33. Bf2 Ra5 34. Be3
Nd7 35. Qd2 Ng5 36. Bxg5 hxg5 37. Ke3 Rh8 38. Qf2 Rh6 39. Be2 Qh8 40. Bd3 Qg7
41. Rf3 Qh8 42. Rb1 Qa8 43. Rh3 Ra6 44. Rhh1 Nf8 45. Rb5 Qc8 46. Kf3 Rh8 47.
Kg3 Nh7 48. Rhb1 Qd7 49. Qb2 Rb8 50. Bc2 Kd8 51. Qc1 Ke7 52. Qd1 Qa7 53. R1b2
Kf7 54. Qb1 Qc7 55. Qd1 Qa7 56. Rb1 Kg7 57. Qf3 Qd7 58. Bd3 Kh6 59. Rf1 Rf8 60.
Rf2 Kg7 61. Rb1 Kh6 62. Qe2 Kg7 63. Kf3 Rb8 64. Ke3 Rf8 65. g3 Kh6 66. Rbf1 Rf7
67. Kd2 Rf8 68. Kc2 Kg7 69. h6+ Kg8 70. Rf5 Qe7 71. Kb1 Kh8 72. Qb2 Qe8 73. Qh2
Qe7 74. Qh5 Rg8 75. Kc2 Rf8 76. Kd2 Rg8 77. Ke3 Ra7 78. R5f2 Ra6 79. Rb1 Nf8
80. Rfb2 Nd7 81. Rh1 Qh7 1/2-1/2

[Event "XXI Festival A"]
[Site "Lucca ITA"]
[Date "2009.10.11"]
[Round "5"]
[White "Zucconi, Leandro"]
[Black "Frugoli, Francesco"]
[Result "1/2-1/2"]
[WhiteElo "2111"]
[BlackElo "2159"]
[PlyCount "64"]
[EventDate "2009.10.03"]

1. d4 Nf6 2. Nf3 c5 3. e3 g6 4. Bd3 Bg7 5. O-O d6 6. b3 O-O 7. Bb2 Nc6 8. Nbd2
a6 9. c4 Nb4 10. Bb1 b5 11. a3 Nc6 12. dxc5 dxc5 13. Qe2 Qb6 14. Bc2 Bb7 15.
Rfd1 Rfd8 16. Ne4 Na5 17. Nxf6+ Bxf6 18. Bxf6 Qxf6 19. Rxd8+ Rxd8 20. Rd1 Rxd1+
21. Qxd1 Qc3 22. cxb5 Bxf3 23. gxf3 axb5 24. Kg2 c4 25. bxc4 bxc4 26. Qd8+ Kg7
27. Qxe7 Qxc2 28. Qe5+ Kf8 29. Qxa5 Qd3 30. Qc5+ Kg8 31. a4 c3 32. a5 c2
1/2-1/2

[Event "XXI Festival A"]
[Site "Lucca ITA"]
[Date "2009.10.17"]
[Round "6"]
[White "Collutiis, Duilio"]
[Black "Vuelban, Virgilio"]
[Result "1/2-1/2"]
[WhiteElo "2450"]
[BlackElo "2405"]
[PlyCount "22"]
[EventDate "2009.10.03"]

1. Nf3 Nf6 2. g3 g6 3. Bg2 Bg7 4. O-O O-O 5. Re1 d6 6. e4 e5 7. d4 Nbd7 8. Nc3
c6 9. a4 a5 10. h3 Re8 11. Be3 Qc7 1/2-1/2

[Event "XXI Festival A"]
[Site "Lucca ITA"]
[Date "2009.10.11"]
[Round "6"]
[White "Frugoli, Francesco"]
[Black "Salvador, Roland"]
[Result "1/2-1/2"]
[WhiteElo "2159"]
[BlackElo "2461"]
[PlyCount "114"]
[EventDate "2009.10.03"]

1. e4 c5 2. c3 Nf6 3. e5 Nd5 4. d4 cxd4 5. Bc4 Nb6 6. Bb3 d6 7. exd6 Qxd6 8.
cxd4 Nc6 9. Nf3 Be6 10. O-O Bxb3 11. Qxb3 e6 12. Nc3 Qb4 13. Qc2 Be7 14. a3 Qa5
15. Be3 Rc8 16. b4 Qh5 17. Qb3 O-O 18. Rfd1 Rcd8 19. Rac1 Nd5 20. Ne4 f5 21.
Ng3 Qg6 22. Bd2 f4 23. Ne2 Bd6 24. Nc3 Nce7 25. Nxd5 Nxd5 26. Re1 Rc8 27. b5 h6
28. Bb4 Rxc1 29. Rxc1 Nxb4 30. axb4 Qf5 31. h3 Qd5 32. Qa4 Rf5 33. Qxa7 Qxb5
34. Rc8+ Rf8 35. Rxf8+ Kxf8 36. Qa8+ Kf7 37. Qd8 Qxb4 38. Qd7+ Kf6 39. Ne5 Qe1+
40. Kh2 Bxe5 41. dxe5+ Qxe5 42. Qxb7 f3+ 43. g3 Qe2 44. Qb6 Kg6 45. h4 Kh5 46.
Qa7 g6 47. Qa5+ e5 48. Qc5 g5 49. Qa7 Kg6 50. h5+ Kf5 51. Qh7+ Ke6 52. Qxh6+
Kd5 53. Qb6 g4 54. h6 Qf1 55. Qd8+ Ke4 56. Qa8+ Kf5 57. Qf8+ Ke4 1/2-1/2

[Event "XXI Festival A"]
[Site "Lucca ITA"]
[Date "2009.10.11"]
[Round "6"]
[White "Giuntoli, Andrea"]
[Black "Zucconi, Leandro"]
[Result "1/2-1/2"]
[WhiteElo "2000"]
[BlackElo "2111"]
[PlyCount "60"]
[EventDate "2009.10.03"]

1. e4 e6 2. d4 d5 3. e5 c5 4. c3 Nc6 5. Nf3 Bd7 6. a3 f6 7. Bd3 Qb6 8. b4 c4 9.
Bc2 a5 10. Bb2 fxe5 11. dxe5 Nh6 12. O-O Be7 13. Nbd2 Nf7 14. Re1 O-O 15. Nxc4
Qc7 16. Ncd2 Nfxe5 17. Nxe5 Nxe5 18. Bxh7+ Kxh7 19. Qh5+ Kg8 20. Rxe5 Bf6 21.
Re3 axb4 22. axb4 Rxa1+ 23. Bxa1 d4 24. Re1 dxc3 25. Ne4 c2 26. Ng5 Bxg5 27.
Qxg5 Rf7 28. Rc1 Qd6 29. h3 Qxb4 30. Qg6 Bc6 1/2-1/2

[Event "XXI Festival A"]
[Site "Lucca ITA"]
[Date "2009.10.11"]
[Round "6"]
[White "Mola, Pietro"]
[Black "Nannelli, Paolo"]
[Result "1/2-1/2"]
[WhiteElo "2258"]
[BlackElo "2197"]
[PlyCount "53"]
[EventDate "2009.10.03"]

1. e4 d6 2. d4 Nf6 3. Nc3 e5 4. dxe5 dxe5 5. Qxd8+ Kxd8 6. Bg5 Be6 7. O-O-O+
Nbd7 8. f4 exf4 9. Nf3 Kc8 10. Bxf4 Bc5 11. Nd4 Ng4 12. Nxe6 fxe6 13. Bc4 Re8
14. Rde1 Nge5 15. Bb3 a6 16. Rhf1 h6 17. Nb1 Kd8 18. Nd2 Bd6 19. Nc4 Nxc4 20.
Bxc4 Bxf4+ 21. Rxf4 Ne5 22. Be2 Ke7 23. Ref1 Rad8 24. c3 c5 25. Kc2 Rf8 26. g3
g5 27. Rxf8 1/2-1/2

[Event "XXI Festival A"]
[Site "Lucca ITA"]
[Date "2009.10.11"]
[Round "6"]
[White "Tocchioni, Doriano"]
[Black "Lasio, Millo"]
[Result "1-0"]
[WhiteElo "2281"]
[BlackElo "2098"]
[PlyCount "125"]
[EventDate "2009.10.03"]

1. d4 e6 2. g3 d5 3. Bg2 c5 4. Nf3 cxd4 5. O-O Nf6 6. Nxd4 Nc6 7. c4 Bc5 8. Nb3
Be7 9. cxd5 Nxd5 10. a3 O-O 11. e4 Nf6 12. Qc2 e5 13. Rd1 Qe8 14. Nc3 Be6 15.
Nd5 Rc8 16. Qd3 Bg4 17. f3 Be6 18. Be3 b6 19. Rac1 Nd7 20. Qb5 Ndb8 21. f4 f6
22. f5 Bf7 23. Bf3 Kh8 24. Rc3 Bd8 25. Be2 a6 26. Qd3 Na7 27. Nxb6 Bxb6 28.
Bxb6 Nb5 29. Rxc8 Qxc8 30. Na5 Nd4 31. Bxd4 exd4 32. Qxd4 Qc2 33. Rd2 Qc1+ 34.
Kg2 h5 35. Bd1 Kg8 36. Qc3 Qb1 37. Qc2 Qa2 38. Be2 Re8 39. Bc4 Bxc4 40. Qxc4+
Qxc4 41. Nxc4 Kh7 42. Kf3 Rc8 43. b3 Nc6 44. Kf4 a5 45. Rd5 a4 46. bxa4 Ne7 47.
Rd4 Nc6 48. Rd6 Na7 49. Rd7 Rxc4 50. Rxa7 Rc3 51. Rb7 Rxa3 52. Rb4 h4 53. Rc4
Ra2 54. gxh4 Rxh2 55. a5 Rxh4+ 56. Kg3 Rh1 57. Ra4 Rc1 58. a6 Rc8 59. a7 Ra8
60. Kf4 Kg8 61. Ke3 Kf7 62. Kd4 Ke7 63. Kc5 1-0

[Event "IV Weekend A"]
[Site "Novi Ligure ITA"]
[Date "2009.10.09"]
[Round "1"]
[White "Altieri, Danilo Mario"]
[Black "Pedemonte, Claudio"]
[Result "1-0"]
[WhiteElo "1985"]
[BlackElo "1825"]
[PlyCount "43"]
[EventDate "2009.10.09"]

1. Nf3 f5 2. g3 g6 3. Bg2 Bg7 4. c4 d6 5. d3 Nf6 6. Nc3 e5 7. O-O O-O 8. Qb3
Kh8 9. c5 Nc6 10. cxd6 Qxd6 11. Ng5 Nd4 12. Qc4 Qe7 13. f4 c5 14. fxe5 Ng4 15.
Nd5 Qxe5 16. e3 Ne6 17. Qxg4 Bh6 18. d4 fxg4 19. Rxf8+ Kg7 20. Rf7+ Kg8 21.
Ne7+ Kh8 22. Rxh7# 1-0

[Event "IV Weekend A"]
[Site "Novi Ligure ITA"]
[Date "2009.10.10"]
[Round "2"]
[White "Quirico, Paolo"]
[Black "Naumkin, Igor"]
[Result "1/2-1/2"]
[WhiteElo "2095"]
[BlackElo "2450"]
[PlyCount "59"]
[EventDate "2009.10.09"]

1. Nf3 Nf6 2. d4 e6 3. Bf4 b6 4. e3 Bb7 5. Bd3 Be7 6. h3 c5 7. c3 O-O 8. O-O
Nc6 9. Nbd2 cxd4 10. exd4 d6 11. Qe2 a6 12. a4 Nd5 13. Bg3 Re8 14. Rfe1 Bf8 15.
Nc4 b5 16. axb5 axb5 17. Rxa8 Bxa8 18. Ne3 Nxe3 19. Qxe3 b4 20. d5 Ne5 21. Nxe5
dxe5 22. Qxe5 bxc3 23. Bb5 Re7 24. d6 Rb7 25. bxc3 Qxd6 26. Qxd6 Bxd6 27. Bxd6
Rxb5 28. c4 Rb6 29. c5 Ra6 30. Rb1 1/2-1/2

[Event "XXVII Coppa d'Oro"]
[Site "Villa Guardia ITA"]
[Date "2009.10.09"]
[Round "1"]
[White "Boffi, Luigi"]
[Black "Grassetto, Gilberto"]
[Result "0-1"]
[WhiteElo "1621"]
[BlackElo "1881"]
[PlyCount "106"]
[EventDate "2009.10.09"]

1. Nf3 d5 2. b3 Nf6 3. Bb2 Nbd7 4. d3 e6 5. Nbd2 Be7 6. e4 dxe4 7. dxe4 O-O 8.
Bd3 b6 9. O-O Bb7 10. c4 Nc5 11. Bxf6 Bxf6 12. e5 Nxd3 13. exf6 Qxf6 14. Qe2
Rad8 15. Ne4 Qe7 16. Rad1 Nc5 17. Ng3 Nd7 18. Nd4 Nf6 19. Rd2 c5 20. Ndf5 Qc7
21. Nh4 Rxd2 22. Qxd2 Rd8 23. Qc3 Rd4 24. Nf3 Bxf3 25. Qxf3 h6 26. Ne2 Rd8 27.
Nc3 a6 28. h3 Nd7 29. Rd1 Nb8 30. Rxd8+ Qxd8 31. Qb7 a5 32. Na4 Nd7 33. Qc6 g6
34. Qd6 Kg7 35. Nxb6 Qxb6 36. Qxd7 Qb4 37. Qc7 Qe1+ 38. Kh2 Qxf2 39. Qxa5 e5
40. Qc3 f6 41. a4 e4 42. a5 e3 43. a6 e2 44. a7 Qf4+ 45. Kg1 Qd4+ 46. Qxd4
e1=Q+ 47. Kh2 cxd4 48. a8=Q Qe5+ 49. Kg1 g5 50. Qb7+ Kg6 51. Qd7 Qe3+ 52. Kh2
d3 53. Qd5 Qe5+ 0-1

[Event "XXVII Coppa d'Oro"]
[Site "Villa Guardia ITA"]
[Date "2009.10.09"]
[Round "1"]
[White "Colombo, Alberto"]
[Black "Corti, Filippo"]
[Result "1-0"]
[WhiteElo "2080"]
[BlackElo "1708"]
[PlyCount "121"]
[EventDate "2009.10.09"]

1. d4 Nf6 2. Nf3 g6 3. Bg5 Bg7 4. Nbd2 d5 5. e3 O-O 6. Bd3 Nbd7 7. h3 c5 8. c3
b6 9. O-O Bb7 10. Qb1 Rc8 11. Re1 cxd4 12. exd4 Re8 13. Qd1 Qc7 14. Ne5 Nxe5
15. dxe5 Nd7 16. f4 Nc5 17. Bb5 Red8 18. Nf3 Ne4 19. Bf1 Qc5+ 20. Qd4 Qxd4+ 21.
Nxd4 Nxg5 22. fxg5 e6 23. Rad1 a6 24. a4 Bf8 25. Kh1 Bc5 26. g4 Bxd4 27. Rxd4
Rc5 28. Kh2 Rdc8 29. h4 b5 30. axb5 axb5 31. Ra1 Ra8 32. Rxa8+ Bxa8 33. Kg3 Bb7
34. Rb4 Ba6 35. Kf4 Kf8 36. Ke3 Ke7 37. Kd4 Rc7 38. b3 Rb7 39. Kc5 Rc7+ 40. Kb6
Rxc3 41. Kxa6 Re3 42. Rxb5 Rxe5 43. Rb7+ Kf8 44. Rb4 Re1 45. Bd3 e5 46. Kb6 e4
47. Ba6 e3 48. Rd4 Rb1 49. Rxd5 Rxb3+ 50. Kc5 Ra3 51. Bb5 Ra2 52. Re5 Rg2 53.
Re4 Rc2+ 54. Kd4 Rh2 55. Kxe3 Rxh4 56. Kf4 h5 57. gxh6 Rxh6 58. Kg5 Rh2 59. Rf4
Rc2 60. Bc4 f5 61. Kxg6 1-0

[Event "XXVII Coppa d'Oro"]
[Site "Villa Guardia ITA"]
[Date "2009.10.09"]
[Round "1"]
[White "Ghelfi, Giancarlo"]
[Black "Cairoli, Camillo"]
[Result "1/2-1/2"]
[WhiteElo "1682"]
[BlackElo "1955"]
[PlyCount "63"]
[EventDate "2009.10.09"]

1. e4 c5 2. Nf3 d6 3. d4 cxd4 4. Nxd4 Nf6 5. Nc3 a6 6. Bg5 e6 7. f4 Be7 8. Qf3
Qc7 9. O-O-O Nc6 10. g4 Bd7 11. Nxc6 Bxc6 12. Bd3 b5 13. Rhe1 Rc8 14. Qe2 b4
15. Bxf6 gxf6 16. Nb1 d5 17. e5 Qa5 18. exf6 Bxf6 19. g5 Be7 20. Qe5 Rf8 21.
Bxh7 Qxa2 22. g6 Bd7 23. g7 b3 24. gxf8=Q+ Bxf8 25. Qxd5 Bc6 26. Qd2 bxc2 27.
Bxc2 Ba4 28. b3 Qxb3 29. Qd8+ Rxd8 30. Rxd8+ Kxd8 31. Bxb3 Bxb3 32. Kb2 1/2-1/2

[Event "XXVII Coppa d'Oro"]
[Site "Villa Guardia ITA"]
[Date "2009.10.09"]
[Round "1"]
[White "Giaracuni, Claudio"]
[Black "Napolitano, Matteo"]
[Result "1-0"]
[WhiteElo "1771"]
[BlackElo "1437"]
[PlyCount "113"]
[EventDate "2009.10.09"]

1. d4 d5 2. Nf3 e6 3. Bf4 Nf6 4. e3 Nbd7 5. Bd3 h6 6. O-O Nb6 7. b3 c5 8. c4
Be7 9. Nc3 Bd7 10. Ne5 a6 11. Qf3 cxd4 12. exd4 Bb4 13. Rfc1 Rc8 14. c5 Na8 15.
a3 Ba5 16. b4 Bc7 17. b5 axb5 18. Nxb5 Bb8 19. Rc3 Bc6 20. Nxc6 Rxc6 21. Bxb8
Qxb8 22. Nd6+ Ke7 23. Rb1 b6 24. Rcb3 Qc7 25. Bb5 Rxd6 26. cxd6+ Qxd6 27. Rc1
Nd7 28. Rbc3 f5 29. Rc8 Rxc8 30. Rxc8 Nc7 31. Bxd7 Qxd7 32. Rh8 Kf6 33. Qh5 Qf7
34. Qh4+ Kg6 35. a4 Ne8 36. g4 Nd6 37. f4 fxg4 38. Qxg4+ Kf6 39. h4 Qg6 40.
Rf8+ Nf7 41. Qxg6+ Kxg6 42. h5+ Kf6 43. Rb8 Nd6 44. Rxb6 Nc8 45. Rb8 Na7 46.
Rb6 Nc8 47. a5 Kf5 48. Rb7 Kxf4 49. Rxg7 Kf5 50. a6 Nb6 51. a7 Ke4 52. Rb7 Na8
53. Rb8 Nc7 54. a8=Q Nxa8 55. Rxa8 Kf5 56. Re8 Kf6 57. Rg8 1-0